000
00326nam a22001457a 4500
003
SGT
082
_a
610.72
_b
I10M
100
_a
MAKHIJA, NEELAM
245
_a
INTRODUCTION TO NURSING RESEARCH
250
_a
1ST
260
_a
INDIA
_b
A.P. JAIN PUB
_c
2015
300
_a
190
650
_a
NURSING RESEARCH
942
_2
ddc
_c
BK
999
_c
20143
_d
20143